Cómo se realizarán los viajes interplanetarios (Record no. 114230)

MARC details
000 -LEADER
campo de control de longitud fija 00603nam a2200193 4500
001 - NÚMERO DE CONTROL
campo de control 114230
003 - IDENTIFICADOR DE NÚMERO DE CONTROL
campo de control ES-MaACL
005 - FECHA Y HORA DE LA ÚLTIMA TRANSACCIÓN
campo de control 20230906190115.0
007 - CAMPO FIJO DE DESCRIPCIÓN FÍSICA--INFORMACIÓN GENERAL
campo de control de longitud fija t|
008 - DATOS DE LONGITUD FIJA--INFORMACIÓN GENERAL
campo de control de longitud fija 061121s1958 sp r ||||1| spa d
100 1# - ENTRADA PRINCIPAL--NOMBRE DE PERSONA
Nombre de persona Paluzie Borrell, Antonio.
9 (RLIN) 88725
245 10 - MENCIÓN DEL TÍTULO
Título Cómo se realizarán los viajes interplanetarios
Resto del título : (astronáutica) /
Mención de responsabilidad, etc. Antonio Paluzie Borrell.
260 ## - PUBLICACIÓN, DISTRIBUCIÓN, ETC.
Lugar de publicación, distribución, etc. Barcelona :
Nombre del editor, distribuidor, etc. Rauter,
Fecha de publicación, distribución, etc. 1958.
300 ## - DESCRIPCIÓN FÍSICA
Extensión 192 p. :
Otras características físicas il. ;
Dimensiones 16 cm.
490 1# - MENCIÓN DE SERIE
Mención de serie Colección cómo ;
Designación de volumen o secuencia 2
830 0# - PUNTO DE ACCESO ADICIONAL DE SERIE-TÍTULO UNIFORME
Título uniforme Colección cómo ;
Designación de volumen o secuencia 2
9 (RLIN) 229879
852 ## - LOCALIZACIÓN
Ubicación ES-MaACL
Número de control de estantería C-291
Sublocalización o colección R.43922
Holdings
Estatus retirado Estado de pérdida Estado de daño No para préstamo Biblioteca de origen Biblioteca actual Ubicación en estantería Fecha de adquisición Fuente de adquisición Total de préstamos Signatura topográfica completa Código de barras Visto por última vez Precio de reemplazo Tipo de ítem Koha
        Biblioteca del Ateneo de Madrid Biblioteca del Ateneo de Madrid Sala Palomar 17/01/2008     C-291 1119130 23/02/2023 23/02/2023 Libro impreso